[Event "Oberliga Bayern 1112"]
[Site "Bayern"]
[Date "2012.03.18"]
[Round "8.8"]
[White "Lindenberg, Georg"]
[Black "Lickleder, Andreas"]
[Result "1/2-1/2"]
[WhiteElo "2133"]
[BlackElo "2191"]
[PlyCount "75"]
[EventDate "2011.10.02"]
[EventType "team-tourn"]
[EventRounds "9"]
[EventCountry "GER"]
[SourceTitle "EXT 2015"]
[Source "ChessBase"]
[SourceDate "2014.11.20"]
[SourceVersion "1"]
[SourceVersionDate "2014.11.20"]
[SourceQuality "1"]
[WhiteTeam "Pang/Rosenheim"]
[BlackTeam "Bayern Muenchen II"]
[WhiteTeamCountry "GER"]
[BlackTeamCountry "GER"]

1. d4 Nf6 2. Nf3 e6 3. c4 Bb4+ 4. Bd2 Qe7 5. Bxb4 Qxb4+ 6. Qd2 Qxd2+ 7. Nbxd2 b6 8. e4 d6 9. Bd3 Bb7 10. b4 a5 11. b5 Nbd7 12. 0-0 0-0 13. Bc2 e5 14. d5 Nc5 15. g3 Bc8 16. Kg2 Nh5 17. Nb3 Nd7 18. a4 g6 19. Nh4 Ndf6 20. f4 Ng4 21. Rae1 f6 22. h3 Nh6 23. Bd1 Ng7 24. Nf3 Bd7 25. fxe5 fxe5 26. Nfd2 Rxf1 27. Rxf1 Nf7 28. Nc1 Nh5 29. Nd3 Kg7 30. g4 Nf6 31. Kg3 h5 32. gxh5 Rh8 33. Nf2 Nxh5+ 34. Bxh5 gxh5 35. Nf3 Rh6 36. Rg1 Rf6 37. Nd3 Kh6 38. h4 1/2-1/2

[Event "Landesliga Sued 0809"]
[Site "Bayern"]
[Date "2009.03.29"]
[Round "9.1"]
[White "Safyanovsky, Mark"]
[Black "Lickleder, Andreas"]
[Result "1/2-1/2"]
[WhiteElo "2256"]
[BlackElo "2195"]
[PlyCount "35"]
[EventDate "2008.10.05"]
[EventType "team-tourn"]
[EventRounds "9"]
[EventCountry "GER"]
[SourceTitle "EXT 2020"]
[Source "ChessBase"]
[SourceDate "2019.10.17"]
[SourceVersion "1"]
[SourceVersionDate "2019.10.17"]
[SourceQuality "1"]
[WhiteTeam "Dillingen"]
[BlackTeam "Bayern Muenchen III"]
[WhiteTeamCountry "GER"]
[BlackTeamCountry "GER"]

1. Nf3 c5 2. c4 Nf6 3. Nc3 e6 4. g3 b6 5. Bg2 Bb7 6. 0-0 Be7 7. d4 cxd4 8. Qxd4 d6 9. Bg5 a6 10. Rfd1 Nbd7 11. Qd2 0-0 12. Bf4 Ne8 13. Rac1 Qc7 14. b3 Rd8 15. Ne1 Bxg2 16. Nxg2 Qb7 17. Qd3 Nc5 18. Qf3 1/2-1/2

[Event "AUT-chT2W 0809"]
[Site "Austria"]
[Date "2009.01.17"]
[Round "7.2"]
[White "Deglmann, Ludwig"]
[Black "Lickleder, Andreas"]
[Result "1/2-1/2"]
[WhiteElo "2336"]
[BlackElo "2244"]
[PlyCount "44"]
[EventDate "2008.10.17"]
[EventType "team-tourn"]
[EventRounds "11"]
[EventCountry "AUT"]
[SourceTitle "EXT 2010"]
[Source "ChessBase"]
[SourceDate "2010.11.25"]
[SourceVersion "1"]
[SourceVersionDate "2010.11.25"]
[SourceQuality "1"]
[WhiteTeam "Jenbach II"]
[BlackTeam "Salzburg Sued"]
[WhiteTeamCountry "AUT"]
[BlackTeamCountry "AUT"]

1. g3 c5 2. Bg2 Nf6 3. f4 e6 4. Nf3 Be7 5. 0-0 0-0 6. d3 Nc6 7. c3 Rb8 8. a4 a6 9. Na3 b5 10. axb5 axb5 11. Nc2 Bb7 12. Kh1 Qc7 13. Qe1 Na5 14. Be3 Nb3 15. Rb1 c4 16. Ncd4 Nxd4 17. Bxd4 cxd3 18. exd3 Bd5 19. Qd2 Rfe8 20. Ra1 Ra8 21. Ne5 Bxg2+ 22. Qxg2 d5 1/2-1/2

[Event "AUT-chT2W 0708"]
[Site "Austria"]
[Date "2008.03.01"]
[Round "10.5"]
[White "Kleissl, Helmut"]
[Black "Lickleder, Andreas"]
[Result "0-1"]
[WhiteElo "2302"]
[BlackElo "2227"]
[PlyCount "122"]
[EventDate "2007.10.06"]
[EventType "team"]
[EventRounds "11"]
[EventCountry "AUT"]
[SourceTitle "EXT 2009"]
[Source "ChessBase"]
[SourceDate "2008.11.26"]
[SourceVersion "1"]
[SourceVersionDate "2008.11.26"]
[SourceQuality "1"]
[WhiteTeam "Jenbach"]
[BlackTeam "Salzburg Sued"]
[WhiteTeamCountry "AUT"]
[BlackTeamCountry "AUT"]

1. Nf3 c5 2. c4 Nf6 3. Nc3 e6 4. g3 b6 5. Bg2 Bb7 6. 0-0 Be7 7. d3 0-0 8. e4 d6 9. Ng5 Nfd7 10. h4 Nc6 11. Be3 Bf6 12. f4 Qe7 13. Qh5 h6 14. Nh3 Bd4 15. Rae1 Bxe3+ 16. Rxe3 Nd4 17. Qd1 Rae8 18. g4 f5 19. g5 Qf7 20. e5 Bxg2 21. Kxg2 dxe5 22. fxe5 h5 23. Nf4 g6 24. Qa4 Nb8 25. Nb5 Nxb5 26. cxb5 Qb7+ 27. Kg3 Kf7 28. Qc4 Re7 29. d4 cxd4 30. Qxd4 Rc8 31. Qd6 Rc4 32. Qd8 Rc8 33. Qd1 Nd7 34. b4 Rc4 35. Qd6 Nf8 36. Qd8 Rc8 37. Qd3 Rd7 38. Qb3 Rd4 39. Rd1 Rcc4 40. Rxd4 Rxd4 41. Qc3 Rd1 42. Qc6 Qe7 43. a3 Qd8 44. Qf3 Qd2 45. Re2 Qc1 46. Qe3 Rg1+ 47. Kh2 Rh1+ 48. Kg3 Qc4 49. Qd3 Rg1+ 50. Kh2 Qc1 51. Qe3 Rh1+ 52. Kg3 Qd1 53. Qd2 Qa4 54. Qd3 Rd1 55. Rd2 Ra1 56. Qc4 Qxa3+ 57. Kf2 Rc1 58. Qd4 Qb3 59. Rb2 Qa4 60. Qd3 Qa1 61. Qd4 Rc2+ 0-1

[Event "AUT-chT2W 0708"]
[Site "Austria"]
[Date "2007.11.17"]
[Round "4.6"]
[White "Flatz, Lothar"]
[Black "Lickleder, Andreas"]
[Result "0-1"]
[WhiteElo "2156"]
[BlackElo "2227"]
[PlyCount "68"]
[EventDate "2007.10.06"]
[EventType "team"]
[EventRounds "11"]
[EventCountry "AUT"]
[SourceTitle "EXT 2009"]
[Source "ChessBase"]
[SourceDate "2008.11.26"]
[SourceVersion "1"]
[SourceVersionDate "2008.11.26"]
[SourceQuality "1"]
[WhiteTeam "Goetzis"]
[BlackTeam "Salzburg Sued"]
[WhiteTeamCountry "AUT"]
[BlackTeamCountry "AUT"]

1. Nf3 c5 2. g3 b6 3. Bg2 Bb7 4. d3 Nf6 5. e4 d6 6. 0-0 e6 7. c4 Be7 8. Nc3 0-0 9. Re1 a6 10. d4 cxd4 11. Nxd4 Qc7 12. Be3 Re8 13. Rc1 Nbd7 14. b3 Rac8 15. Nde2 Qb8 16. Nf4 Bc6 17. a4 Qa8 18. f3 Qb7 19. Qe2 Nc5 20. Rb1 Bf8 21. h4 d5 22. cxd5 exd5 23. exd5 Nxd5 24. Nfxd5 Bxd5 25. b4 Nb3 26. Nxd5 Qxd5 27. f4 Qe6 28. Qd3 Bxb4 29. Bd2 Bc5+ 30. Kh2 Rcd8 31. Qxa6 Qg6 32. Bc3 Bf2 33. Qf1 Qxg3+ 34. Kh1 Re3 0-1

[Event "Oberliga Bayern 0607"]
[Site "Bayern"]
[Date "2007.04.22"]
[Round "9.5"]
[White "Schuster, Karsten"]
[Black "Lickleder, Andreas"]
[Result "1-0"]
[WhiteElo "2177"]
[BlackElo "2184"]
[PlyCount "81"]
[EventDate "2006.10.15"]
[EventType "team-tourn"]
[EventRounds "9"]
[EventCountry "GER"]
[SourceTitle "EXT 2008"]
[Source "ChessBase"]
[SourceDate "2007.11.25"]
[SourceVersion "1"]
[SourceVersionDate "2007.11.25"]
[SourceQuality "1"]
[WhiteTeam "Groebenzell"]
[BlackTeam "Bayern Muenchen II"]
[WhiteTeamCountry "GER"]
[BlackTeamCountry "GER"]

1. d4 Nf6 2. c4 e6 3. Nc3 Bb4 4. Qc2 c5 5. dxc5 0-0 6. Bf4 Qa5 7. Rc1 Bxc5 8. e3 Nc6 9. a3 Be7 10. Bd3 Ne5 11. Be2 Ng6 12. Bg3 d5 13. Nf3 Ne4 14. cxd5 exd5 15. 0-0 Nxg3 16. hxg3 Be6 17. Nb5 Rac8 18. Qb1 Rfd8 19. Bd3 Nf8 20. Nfd4 a6 21. Nc3 Bf6 22. Nce2 Qb6 23. b4 g6 24. Nb3 Nd7 25. Ned4 Ne5 26. Nc5 Kg7 27. a4 Rb8 28. a5 Qd6 29. Rfd1 Bc8 30. Be2 h5 31. e4 h4 32. gxh4 Bxh4 33. g3 Qf6 34. exd5 Rh8 35. Ne4 Qd8 36. Qb2 Bf6 37. Qc3 Bg4 38. Nxf6 Qxf6 39. Bxg4 Rh1+ 40. Kxh1 Qxf2 41. Nf5+ 1-0

[Event "Regionalliga SW 0607"]
[Site "Bayern"]
[Date "2006.12.10"]
[Round "4.1"]
[White "Lickleder, Andreas"]
[Black "Unger, Michael"]
[Result "1/2-1/2"]
[WhiteElo "2184"]
[BlackElo "2117"]
[PlyCount "45"]
[EventDate "2006.10.15"]
[EventType "team-tourn"]
[EventRounds "9"]
[EventCountry "GER"]
[SourceTitle "EXT 2008"]
[Source "ChessBase"]
[SourceDate "2007.11.25"]
[SourceVersion "1"]
[SourceVersionDate "2007.11.25"]
[SourceQuality "1"]
[WhiteTeam "Bayern Muenchen III"]
[BlackTeam "Muenchen Sendling"]
[WhiteTeamCountry "GER"]
[BlackTeamCountry "GER"]

1. e4 a6 2. d4 b5 3. Bd3 e6 4. Nf3 c5 5. c3 Bb7 6. 0-0 Nf6 7. Qe2 Nc6 8. Bg5 h6 9. Bh4 g5 10. Bg3 cxd4 11. Nxd4 Bc5 12. Nb3 Bb6 13. Bd6 Bc7 14. Bxc7 Qxc7 15. a4 Ne5 16. N1d2 Nfg4 17. g3 Qd6 18. Nd4 Nxd3 19. Qxd3 e5 20. Qe2 exd4 21. Qxg4 dxc3 22. bxc3 Qe6 23. Qe2 1/2-1/2

[Event "Regionalliga SW 0607"]
[Site "Bayern"]
[Date "2006.10.15"]
[Round "1.1"]
[White "Lickleder, Andreas"]
[Black "Hornung, Hans"]
[Result "1-0"]
[WhiteElo "2184"]
[BlackElo "2061"]
[PlyCount "101"]
[EventDate "2006.10.15"]
[EventType "team-tourn"]
[EventRounds "9"]
[EventCountry "GER"]
[SourceTitle "EXT 2008"]
[Source "ChessBase"]
[SourceDate "2007.11.25"]
[SourceVersion "1"]
[SourceVersionDate "2007.11.25"]
[SourceQuality "1"]
[WhiteTeam "Bayern Muenchen III"]
[BlackTeam "Klosterlechfeld"]
[WhiteTeamCountry "GER"]
[BlackTeamCountry "GER"]

1. e4 e6 2. d4 d5 3. Nc3 Bb4 4. Qd3 Nc6 5. a3 Ba5 6. Nf3 Nf6 7. b4 Bb6 8. e5 Ne4 9. Bb2 f5 10. exf6 Nxf6 11. g3 0-0 12. Bg2 Ng4 13. 0-0 e5 14. dxe5 Be6 15. Rae1 a5 16. b5 Ne7 17. h3 Nh6 18. Nd4 Bxd4 19. Qxd4 Qd7 20. g4 g5 21. f4 gxf4 22. Rxf4 Rxf4 23. Qxf4 Nf7 24. Qd4 Rd8 25. a4 c6 26. b6 Ng6 27. Ba3 Re8 28. Nd1 Nh4 29. Nf2 Ng5 30. Qf4 Qg7 31. Qg3 Nxg2 32. Qxg2 d4 33. Qg3 Bd5 34. Kf1 Nf3 35. Re2 Rxe5 36. Nd3 Rxe2 37. Qb8+ Kf7 38. Kxe2 Kg6 39. Nf4+ Kg5 40. Nxd5 Ng1+ 41. Kf1 Nxh3 42. Bc1+ Kxg4 43. Qc8+ Kh4 44. Qd8+ Kg4 45. Qd7+ Qxd7 46. Nf6+ Kf3 47. Nxd7 Nf2 48. Nc5 h5 49. Bg5 Ne4 50. Nxb7 Nxg5 51. Nxa5 1-0

[Event "AUT-chT2W 0506"]
[Site "Austria"]
[Date "2005.12.03"]
[Round "4"]
[White "Lickleder, Andreas"]
[Black "Wegerle, Joerg"]
[Result "1/2-1/2"]
[WhiteElo "2240"]
[BlackElo "2417"]
[PlyCount "49"]
[EventDate "2005.10.08"]
[EventType "team"]
[EventRounds "11"]
[EventCountry "AUT"]
[SourceTitle "EXT 2007"]
[Source "ChessBase"]
[SourceDate "2006.11.23"]
[SourceVersion "1"]
[SourceVersionDate "2006.11.23"]
[SourceQuality "1"]
[WhiteTeam "Inter Sbg Sued"]
[BlackTeam "Absam"]
[WhiteTeamCountry "AUT"]
[BlackTeamCountry "AUT"]

1. e4 c5 2. Nf3 e6 3. b3 b6 4. d4 cxd4 5. Nxd4 a6 6. Bb2 Qc7 7. Bd3 Nf6 8. 0-0 Bb7 9. Qe2 Bd6 10. Nf3 Be7 11. c4 d6 12. Nbd2 Nbd7 13. Rae1 Nc5 14. Bb1 e5 15. Nh4 g6 16. f4 Ne6 17. fxe5 dxe5 18. Ndf3 Nd7 19. Kh1 0-0 20. Qe3 Bf6 21. Qf2 Rad8 22. Qg3 Kh8 23. Qh3 Kg8 24. Qg3 Kh8 25. Qh3 1/2-1/2

[Event "Regionalliga SW 0506"]
[Site "Bayern"]
[Date "2005.11.13"]
[Round "2.1"]
[White "Lickleder, Andreas"]
[Black "Schaffranietz, Horst"]
[Result "1-0"]
[WhiteElo "2145"]
[BlackElo "1992"]
[PlyCount "93"]
[EventDate "2005.10.23"]
[EventType "team-tourn"]
[EventRounds "9"]
[EventCountry "GER"]
[SourceTitle "EXT 2007"]
[Source "ChessBase"]
[SourceDate "2006.11.23"]
[SourceVersion "1"]
[SourceVersionDate "2006.11.23"]
[SourceQuality "1"]

1. e4 e5 2. Nf3 Nc6 3. Bb5 a6 4. Ba4 Nf6 5. 0-0 b5 6. Bb3 Be7 7. Re1 0-0 8. h3 d6 9. c3 Na5 10. Bc2 c5 11. d3 Qc7 12. Nbd2 Re8 13. Nf1 Bf8 14. Bg5 Nd7 15. N3h2 Nb6 16. Ng4 Re6 17. Ng3 Rg6 18. Bd2 Nc6 19. Qf3 c4 20. Rad1 Be6 21. dxc4 Nxc4 22. Bc1 Rc8 23. Nf5 b4 24. Nh4 Bxg4 25. hxg4 Rf6 26. Qe2 Nxb2 27. Bxb2 bxc3 28. Bxc3 Nd8 29. Rd3 Ne6 30. g3 Nd4 31. Bxd4 Qxc2 32. Qxc2 Rxc2 33. Be3 Rxa2 34. Rb3 a5 35. Rb8 g5 36. Nf5 h6 37. Rc1 Rxf5 38. gxf5 Kg7 39. f6+ Kxf6 40. Rxf8 Kg6 41. Rc6 Kh5 42. Kg2 Kg4 43. Rxf7 a4 44. Rxd6 a3 45. Rxh6 Re2 46. Rg6 Rxe3 47. Rf5 1-0

[Event "AUT-chT2W 0405"]
[Site "Austria"]
[Date "2005.03.06"]
[Round "11.3"]
[White "Lickleder, Andreas"]
[Black "Schmidlechner, Alexander"]
[Result "0-1"]
[WhiteElo "2251"]
[BlackElo "2212"]
[PlyCount "96"]
[EventDate "2004.10.16"]
[EventType "team-tourn"]
[EventRounds "11"]
[EventCountry "AUT"]
[SourceTitle "EXT 2005"]
[Source "ChessBase"]
[SourceDate "2004.11.15"]
[SourceVersion "1"]
[SourceVersionDate "2004.11.15"]
[SourceQuality "1"]
[WhiteTeam "Salzburg Wuestenrot"]
[BlackTeam "Goetzis"]
[WhiteTeamCountry "AUT"]
[BlackTeamCountry "AUT"]

1. e4 c5 2. Nf3 Nc6 3. Bb5 g6 4. Bxc6 dxc6 5. d3 Bg7 6. 0-0 Nf6 7. h3 Nd7 8. Nbd2 Nf8 9. Nc4 Ne6 10. a4 a5 11. Bd2 b6 12. Nfe5 Qc7 13. f4 0-0 14. Ng4 f5 15. exf5 Rxf5 16. Nge5 b5 17. axb5 cxb5 18. Ne3 Rxf4 19. Rxf4 Nxf4 20. Qf3 Bb7 21. Qxf4 Qxe5 22. Qxe5 Bxe5 23. Rxa5 Rxa5 24. Bxa5 Bxb2 25. c3 Kf7 26. Kf2 e5 27. Nd1 Ba3 28. Bb6 Ke6 29. c4 e4 30. dxe4 bxc4 31. Nc3 Bb4 32. Na4 Bxe4 33. Nxc5+ Kd5 34. Nd7 Kc6 35. Nf6 Bxg2 36. Be3 Bxh3 37. Kg3 Bf5 38. Nxh7 Bd6+ 39. Kf3 c3 40. Bc1 Be5 41. Ng5 Kd5 42. Ke3 Bd4+ 43. Kf3 Kc4 44. Nf7 Kd3 45. Nd6 Be5 46. Nf7 Bc7 47. Ng5 Kc2 48. Ba3 Kb1 0-1

[Event "AUT-chT2W 0405"]
[Site "Austria"]
[Date "2005.01.22"]
[Round "7.3"]
[White "Fuchs, Georg"]
[Black "Lickleder, Andreas"]
[Result "0-1"]
[WhiteElo "2281"]
[BlackElo "2251"]
[PlyCount "62"]
[EventDate "2004.10.16"]
[EventType "team-tourn"]
[EventRounds "11"]
[EventCountry "AUT"]
[SourceTitle "EXT 2005"]
[Source "ChessBase"]
[SourceDate "2004.11.15"]
[SourceVersion "1"]
[SourceVersionDate "2004.11.15"]
[SourceQuality "1"]
[WhiteTeam "Schwaz"]
[BlackTeam "Salzburg Wuestenrot"]
[WhiteTeamCountry "AUT"]
[BlackTeamCountry "AUT"]

1. e4 c5 2. Nf3 d6 3. d3 Nc6 4. g3 g6 5. Bg2 Bg7 6. 0-0 e6 7. h4 Nf6 8. Nh2 d5 9. Nd2 b6 10. f4 dxe4 11. dxe4 Ba6 12. e5 Nd5 13. c4 Nde7 14. Qa4 Bb7 15. Ne4 0-0 16. h5 Nf5 17. Ng4 Qc7 18. hxg6 fxg6 19. Ngf6+ Bxf6 20. Nxf6+ Rxf6 21. exf6 Nxg3 22. Re1 Nd4 23. Be3 Nge2+ 24. Kf2 Bxg2 25. Bxd4 Qxf4+ 26. Kxe2 Bf3+ 27. Kd3 Qxd4+ 28. Kc2 Be4+ 29. Kc1 Rd8 30. Rxe4 Qxe4 31. Qxa7 Qe3+ 0-1

[Event "AUT-chT2W 0405"]
[Site "Austria"]
[Date "2005.01.21"]
[Round "6.3"]
[White "Lickleder, Andreas"]
[Black "Grabher, Heinz"]
[Result "1/2-1/2"]
[WhiteElo "2251"]
[BlackElo "2271"]
[PlyCount "57"]
[EventDate "2004.10.16"]
[EventType "team-tourn"]
[EventRounds "11"]
[EventCountry "AUT"]
[SourceTitle "EXT 2005"]
[Source "ChessBase"]
[SourceDate "2004.11.15"]
[SourceVersion "1"]
[SourceVersionDate "2004.11.15"]
[SourceQuality "1"]
[WhiteTeam "Salzburg Wuestenrot"]
[BlackTeam "Hohenems II"]
[WhiteTeamCountry "AUT"]
[BlackTeamCountry "AUT"]

1. e4 e5 2. Nf3 Nc6 3. Bc4 Nf6 4. d3 Bc5 5. Bg5 d6 6. c3 Bb6 7. Nbd2 h6 8. Be3 0-0 9. Bxb6 axb6 10. 0-0 Qe7 11. Nh4 Be6 12. Qf3 Nxe4 13. Qxe4 d5 14. Bxd5 Bxd5 15. Qxd5 Qxh4 16. Nf3 Qe7 17. Rfe1 Rfd8 18. Qc4 Qd6 19. Rad1 Ra5 20. Re3 Qd5 21. Qxd5 Raxd5 22. Kf1 f5 23. Rde1 Rxd3 24. Rxd3 Rxd3 25. Nxe5 Nxe5 26. Rxe5 Rd2 27. Re2 Rd1+ 28. Re1 Rd2 29. Re2 1/2-1/2

[Event "Regionalliga SW 0405"]
[Site "Bayern"]
[Date "2004.11.14"]
[Round "2.2"]
[White "Wolf, Armin"]
[Black "Lickleder, Andreas"]
[Result "0-1"]
[WhiteElo "2189"]
[BlackElo "2141"]
[PlyCount "136"]
[EventDate "2004.10.24"]
[EventType "team-tourn"]
[EventRounds "9"]
[EventCountry "GER"]
[SourceTitle "EXT 2007"]
[Source "ChessBase"]
[SourceDate "2006.11.23"]
[SourceVersion "1"]
[SourceVersionDate "2006.11.23"]
[SourceQuality "1"]
[WhiteTeam "Haunstetten"]
[BlackTeam "Bayern Muenchen III"]
[WhiteTeamCountry "GER"]
[BlackTeamCountry "GER"]

1. e4 c5 2. Nf3 d6 3. c3 Nf6 4. h3 e6 5. Bd3 Be7 6. Bc2 0-0 7. 0-0 Nc6 8. Re1 b6 9. d4 cxd4 10. cxd4 Nb4 11. Bb3 Ba6 12. Re3 Rc8 13. Nc3 d5 14. e5 Ne4 15. h4 Bxh4 16. Nxe4 dxe4 17. Rxe4 Be7 18. Ne1 Bc4 19. Bxc4 Rxc4 20. a3 Nd5 21. Rg4 f5 22. Rg3 Rf7 23. Qd3 Qc8 24. Bd2 a5 25. b3 Rc7 26. Rh3 Qf8 27. Nc2 Qc8 28. Ne1 Bf8 29. Ra2 Rc6 30. Ra1 Rfc7 31. Kh1 Qa8 32. Qb5 Qc8 33. Qd3 Rc3 34. Qe2 Rxh3+ 35. gxh3 Qd7 36. Qd3 Qf7 37. Qf3 Qe8 38. Kh2 Qb5 39. Kg2 a4 40. bxa4 Qxa4 41. Qd3 Rc3 42. Qb1 Qc6 43. Kh2 Rxa3 44. Rxa3 Bxa3 45. Qa2 Be7 46. Qa6 h6 47. Kg1 Bg5 48. Bxg5 hxg5 49. Qa3 Nf4 50. Qe3 Qa4 51. Kh2 Qd1 52. Ng2 Ne2 53. f4 gxf4 54. Nxf4 Nxf4 55. Qxf4 Qe2+ 56. Kg1 Qe1+ 57. Kh2 b5 58. Qf3 Qd2+ 59. Kh1 Qxd4 60. Qa8+ Kh7 61. Qe8 Qd1+ 62. Kg2 Qd2+ 63. Kg1 Qg5+ 64. Kh1 Qh6 65. Qxb5 Qxh3+ 66. Kg1 f4 67. Qc4 Qe3+ 68. Kh1 Qxe5 0-1

[Event "Regionalliga SW 0405"]
[Site "Bayern"]
[Date "2004.10.24"]
[Round "1.1"]
[White "Zahn, Wolfgang"]
[Black "Lickleder, Andreas"]
[Result "1/2-1/2"]
[WhiteElo "2206"]
[BlackElo "2141"]
[PlyCount "59"]
[EventDate "2004.10.24"]
[EventType "team-tourn"]
[EventRounds "9"]
[EventCountry "GER"]
[SourceTitle "EXT 2007"]
[Source "ChessBase"]
[SourceDate "2006.11.23"]
[SourceVersion "1"]
[SourceVersionDate "2006.11.23"]
[SourceQuality "1"]
[WhiteTeam "Pasing II"]
[BlackTeam "Bayern Muenchen III"]
[WhiteTeamCountry "GER"]
[BlackTeamCountry "GER"]

1. e4 c5 2. Nf3 d6 3. d4 cxd4 4. Nxd4 Nf6 5. f3 a6 6. c4 e6 7. Nc3 Be7 8. Be2 0-0 9. 0-0 b6 10. Be3 Bb7 11. Qd2 Qc7 12. Rfc1 Nbd7 13. Bf1 Rfc8 14. Rab1 Qb8 15. b4 Ne5 16. Na4 Bd8 17. Qf2 b5 18. cxb5 Rxc1 19. Rxc1 axb5 20. Bxb5 d5 21. Nc5 Ra3 22. Bf4 Bc7 23. Nxb7 Nxf3+ 24. Qxf3 Rxf3 25. Bxc7 Qxb7 26. gxf3 dxe4 27. Bd6 h5 28. Bc6 Qa7 29. Bc5 Qa3 30. Rc2 1/2-1/2

[Event "AUT-chT2W 0405"]
[Site "Austria"]
[Date "2004.10.16"]
[Round "1.4"]
[White "Lickleder, Andreas"]
[Black "Gattenloehner, Sebastian"]
[Result "1/2-1/2"]
[WhiteElo "2251"]
[BlackElo "2235"]
[PlyCount "37"]
[EventDate "2004.10.16"]
[EventType "team-tourn"]
[EventRounds "11"]
[EventCountry "AUT"]
[SourceTitle "EXT 2005"]
[Source "ChessBase"]
[SourceDate "2004.11.15"]
[SourceVersion "1"]
[SourceVersionDate "2004.11.15"]
[SourceQuality "1"]
[WhiteTeam "Salzburg Wuestenrot"]
[BlackTeam "Bregenz"]
[WhiteTeamCountry "AUT"]
[BlackTeamCountry "AUT"]

1. e4 c5 2. Nf3 e6 3. d4 cxd4 4. Nxd4 a6 5. c4 Nf6 6. Bd3 Nc6 7. Nxc6 dxc6 8. 0-0 e5 9. Qe2 Bc5 10. Kh1 Ng4 11. Be3 Qh4 12. h3 Bxe3 13. fxe3 Be6 14. Nc3 0-0-0 15. Rad1 h5 16. Rf3 Nf6 17. Qf2 Qxf2 18. Rxf2 b6 19. Rfd2 1/2-1/2

[Event "Oberliga Bayern 0304"]
[Site "Bayern"]
[Date "2004.04.25"]
[Round "9.6"]
[White "Lickleder, Andreas"]
[Black "Soergel, Frank"]
[Result "1-0"]
[WhiteElo "2158"]
[BlackElo "2017"]
[PlyCount "73"]
[EventDate "2003.10.12"]
[EventType "team-tourn"]
[EventRounds "9"]
[EventCountry "GER"]
[SourceTitle "EXT 2006"]
[Source "ChessBase"]
[SourceDate "2005.11.24"]
[SourceVersion "1"]
[SourceVersionDate "2005.11.24"]
[SourceQuality "1"]
[WhiteTeam "Muenchen Schwabing"]
[BlackTeam "Schwabach"]
[WhiteTeamCountry "GER"]
[BlackTeamCountry "GER"]

1. Nc3 c5 2. e4 Nc6 3. Bb5 d6 4. Nf3 Bd7 5. 0-0 e6 6. d4 cxd4 7. Nxd4 Nf6 8. Nxc6 Bxc6 9. Qf3 Qc7 10. Bf4 Nd7 11. Qg3 e5 12. Be3 a6 13. Nd5 Bxd5 14. Bxd7+ Qxd7 15. exd5 f5 16. f4 e4 17. Bd4 Rg8 18. c4 Rc8 19. Rac1 g6 20. Qe3 Bg7 21. b4 Bxd4 22. Qxd4 Kf7 23. c5 Rgd8 24. c6 Qc7 25. a4 b6 26. Rc3 Rh8 27. g4 fxg4 28. f5 g5 29. Re3 Rce8 30. Rxe4 Re5 31. Rxe5 dxe5 32. Qxg4 h5 33. Qc4 Kf6 34. a5 bxa5 35. bxa5 Rd8 36. Qc5 Rd6 37. Rb1 1-0